00622nam a2200217Ia 450000500170000000800410001702000150005808200130007310000190008624500590010526000500016430000130021465000120022765000150023965000130025465000110026765000130027894200060029195200940029799900130039120240702033634.0240331s9999 xx 000 0 und d a817054078X a100bVER aVarma, Prativa 0aSocial philosophy ofthe Mahabharata and the menu Smrti aNew DelhibClassical Publishing Companyc1988 a368 p ., aSocial  aPhilosophy aReligion aEthics aPolitics cL 001040708LaWERCLbWERCLcSSCd2024-03-31l0o 100 VARp703r2024-03-31w2024-03-31yL c701d701